000 00558nam a22001937a 4500
003 OSt
008 260506b |||||||| |||| 00| 0 eng d
082 _a633.18
_bS48E
100 _aSingh, Harendra.
245 _aEffect of Level and Time of Nitrogen Application on Growth, Yield and Quality of Basmati Rice Var. 'Kasturi' /
_cby Harendra Singh
260 _a.- Pusa, Samastipur
_b: RAU
_c, 1999
300 _a105p.
502 _bPh. D.
_d1999
650 _aAgronomy
650 _aBasmati Rice
650 _aThesis
650 _aPh. D.
942 _2ddc
_cT
999 _c50455
_d50455